[Event "SR 1. liga zapad 2015/2016"]
[Site "?"]
[Date "2016.03.19"]
[Round "10.5"]
[White "Janko, Ladislav"]
[Black "Jozefek, Michal"]
[Result "0-1"]
[WhiteElo "2176"]
[BlackElo "2176"]
[PlyCount "70"]
[EventDate "2015.??.??"]

1. e4 c5 2. Nf3 d6 3. c3 Nf6 4. h3 Nc6 5. Bd3 g6 6. Bc2 Bg7 7. Qe2 O-O 8. O-O
e5 9. Rd1 d5 10. d3 h6 11. a4 Be6 12. Na3 d4 13. cxd4 cxd4 14. Bd2 Qe7 15. b4
Nxb4 16. Bxb4 Qxb4 17. Nxe5 Nh5 18. Nf3 Rfc8 19. Rdb1 Qc3 20. Qd1 Nf4 21. Rxb7
Bf8 22. Bb3 Bxa3 23. Rxa3 Rcb8 24. Rxb8+ Rxb8 25. Nd2 Qb4 26. Bxe6 Qxa3 27. Bc4
Nxd3 28. Qf3 Qc1+ 29. Kh2 Ne5 30. Qf4 Re8 31. Bb5 Re6 32. Qxh6 a6 33. Be2 Qe1
34. Nf3 Qxe2 35. Ng5 Qh5 0-1

[Event "SR 1. liga zapad 2015/2016"]
[Site "?"]
[Date "2016.03.19"]
[Round "10.5"]
[White "Karas, Marek"]
[Black "Balogh, Peter"]
[Result "1/2-1/2"]
[WhiteElo "2229"]
[BlackElo "2158"]
[PlyCount "33"]
[EventDate "2015.??.??"]

1. Nf3 Nc6 2. c4 e5 3. Nc3 Nf6 4. e4 d6 5. h3 g6 6. d4 exd4 7. Nxd4 Bg7 8. Be3
O-O 9. Be2 Re8 10. Nxc6 bxc6 11. Qc2 Qe7 12. Bd3 a5 13. O-O Bb7 14. Rfe1 Nd7
15. Rad1 Qh4 16. Qd2 h6 17. Bc2 1/2-1/2

[Event "SR 1. liga zapad 2015/2016"]
[Site "?"]
[Date "2016.03.19"]
[Round "10.5"]
[White "Takacs, Laszlo"]
[Black "Jablonicky, Martin"]
[Result "1-0"]
[WhiteElo "2192"]
[BlackElo "2255"]
[PlyCount "85"]
[EventDate "2015.??.??"]

1. e4 c5 2. Nf3 d6 3. d4 cxd4 4. Nxd4 Nf6 5. Nc3 Nc6 6. Be3 e5 7. Nb3 Be6 8. f3
d5 9. Bc5 dxe4 10. Bxf8 Rxf8 11. fxe4 Qb6 12. Bd3 Rd8 13. Qf3 Nb4 14. O-O-O Bg4
15. Qg3 Bxd1 16. Qxe5+ Kd7 17. Rxd1 Nxd3+ 18. Rxd3+ Kc8 19. Nd5 Nxd5 20. exd5
Qd6 21. Qxg7 Qxh2 22. Kb1 Kb8 23. a3 Qd6 24. Qxh7 Rc8 25. Qf5 f6 26. Nd4 Rg8
27. Nb5 Qc5 28. Nc3 Rxg2 29. Qf4+ Ka8 30. Qxf6 Rf8 31. Qh4 Qd6 32. Qh3 Rh2 33.
Qe6 Qc5 34. d6 Qf2 35. Qb3 Rh1+ 36. Ka2 Rd8 37. Ne4 Qf4 38. Nc5 Rh7 39. Ne6 Qf6
40. Nxd8 Qxd8 41. d7 Kb8 42. Qe6 Re7 43. Qxe7 1-0

[Event "SR 1. liga zapad 2015/2016"]
[Site "?"]
[Date "2016.03.19"]
[Round "10.5"]
[White "Spacek, Oliver"]
[Black "Kosar, Mikulas Ml"]
[Result "1-0"]
[WhiteElo "2145"]
[BlackElo "1823"]
[PlyCount "63"]
[EventDate "2015.??.??"]

1. c4 f5 2. d4 Nf6 3. g3 d5 4. cxd5 Nxd5 5. Bg2 e6 6. Nf3 Bb4+ 7. Bd2 Bxd2+ 8.
Nbxd2 O-O 9. O-O Nd7 10. e4 N5b6 11. Qb3 Kh8 12. Rac1 c6 13. Rfe1 Qf6 14. a4 a5
15. Ne5 Nxe5 16. dxe5 Qd8 17. exf5 Rxf5 18. Rcd1 Nd5 19. Nc4 Qf8 20. Nd6 Rxf2
21. Rf1 Rxf1+ 22. Rxf1 Qe7 23. Rf7 Qd8 24. Rxb7 Qf8 25. Rb8 Rxb8 26. Qxb8 Ne7
27. Bh3 Qf3 28. Qa7 Qd1+ 29. Bf1 Qf3 30. Qxe7 Qe3+ 31. Kg2 Qd2+ 32. Kh3 1-0

[Event "SR 1. liga zapad 2015/2016"]
[Site "?"]
[Date "2016.03.19"]
[Round "10.5"]
[White "Meszaros, Nikolas"]
[Black "Bury, Rastislav"]
[Result "0-1"]
[WhiteElo "1788"]
[BlackElo "2169"]
[PlyCount "118"]
[EventDate "2015.??.??"]

1. e4 c5 2. Nf3 d6 3. Nc3 Nf6 4. d4 cxd4 5. Nxd4 a6 6. h3 e5 7. Nb3 Be7 8. Be3
Be6 9. Qd2 Nbd7 10. Bd3 b5 11. a3 Nb6 12. Na5 Qc7 13. f3 d5 14. Bxb6 Qxb6 15.
exd5 Nxd5 16. Nxd5 Bh4+ 17. Kd1 Bxd5 18. Kc1 O-O 19. Qb4 Bd8 20. Nb3 a5 21. Qg4
Bxb3 22. cxb3 Qe3+ 23. Kc2 Bg5 24. Qe4 Qc5+ 25. Kb1 f5 26. Qe2 Rab8 27. Re1 Bf4
28. Ka2 g6 29. Rad1 Kg7 30. Qc2 Qxc2 31. Bxc2 Rfd8 32. Rd3 Rxd3 33. Bxd3 b4 34.
Re2 Rc8 35. Bc4 Kf6 36. Kb1 Re8 37. Bd5 Rd8 38. Bc4 Rd4 39. Kc2 e4 40. fxe4
fxe4 41. Rf2 Ke5 42. Re2 Bg5 43. Bg8 h6 44. Bf7 Rd6 45. Bc4 Rc6 46. Kd1 Kd4 47.
Ke1 Be3 48. Rc2 Rc8 49. Kd1 Rf8 50. Ke1 Bg5 51. Kd1 Be7 52. a4 e3 53. Re2 Rf1+
54. Re1 Rf2 55. Re2 Rf8 56. Ke1 Bh4+ 57. Kd1 Rf1+ 58. Kc2 Rg1 59. Ba6 Be1 0-1

[Event "SR 1. liga zapad 2015/2016"]
[Site "?"]
[Date "2016.03.19"]
[Round "10.6"]
[White "Lanc, Alois"]
[Black "Gazik, Viktor"]
[Result "1/2-1/2"]
[WhiteElo "2329"]
[BlackElo "2442"]
[PlyCount "148"]
[EventDate "2015.??.??"]

1. e4 c5 2. Nf3 d6 3. d4 cxd4 4. Nxd4 Nf6 5. Nc3 g6 6. Be3 a6 7. f3 Nbd7 8. Qd2
b5 9. g4 Bb7 10. g5 Nh5 11. O-O-O Bg7 12. Kb1 Nb6 13. Qf2 Na4 14. Ndxb5 Nxc3+
15. Nxc3 Bxc3 16. bxc3 O-O 17. c4 Qa5 18. Qd2 Qa4 19. Qc3 Ng7 20. Bc1 f6 21. h4
Bc8 22. f4 Bg4 23. Rd5 Rab8+ 24. Ka1 Bf3 25. Ra5 Qb4 26. Qxb4 Rxb4 27. Bd2 Bxh1
28. Bxb4 fxg5 29. hxg5 Rxf4 30. Bd3 Bxe4 31. Rxa6 Ne6 32. a4 Nd4 33. Bxe4 Rxe4
34. c3 Ne6 35. a5 Rxc4 36. Ra8+ Kf7 37. Kb2 Nc7 38. Rh8 Ke6 39. Rxh7 Rg4 40.
Rh8 Rxg5 41. Rb8 Kd7 42. Kb3 Rf5 43. Rg8 Rg5 44. Rb8 Rg1 45. Rb6 Rb1+ 46. Ka4
Nd5 47. Ra6 g5 48. Ra8 Ra1+ 49. Kb3 Nc7 50. Rg8 Rg1 51. c4 Rg3+ 52. Kc2 Rg4 53.
Kb3 Na6 54. Ra8 Rg3+ 55. Ka4 Nc7 56. Rg8 g4 57. c5 d5 58. c6+ Kxc6 59. Bxe7 Re3
60. Bd8 Ne6 61. Bb6 Re4+ 62. Ka3 Rf4 63. Rc8+ Kb7 64. Re8 Re4 65. Re7+ Ka6 66.
Ra7+ Kb5 67. Rb7 Kc6 68. Re7 g3 69. a6 Kxb6 70. a7 Nc7 71. Rxc7 Re8 72. Rg7 Ra8
73. Rxg3 Rxa7+ 74. Kb4 Rc7 1/2-1/2

[Event "SR 1. liga zapad 2015/2016"]
[Site "?"]
[Date "2016.03.19"]
[Round "10.6"]
[White "Gazik, Igor"]
[Black "Kavon, Rastislav"]
[Result "1-0"]
[WhiteElo "2301"]
[BlackElo "2203"]
[PlyCount "55"]
[EventDate "2015.??.??"]

1. d4 Nf6 2. Nf3 g6 3. c4 Bg7 4. g3 O-O 5. Bg2 d6 6. O-O Nc6 7. Nc3 a6 8. b3
Rb8 9. a4 Na5 10. Ra2 Bd7 11. e4 c6 12. Re1 b5 13. axb5 axb5 14. e5 Ne8 15.
cxb5 cxb5 16. Nd5 Nc6 17. Bg5 f6 18. Bf4 g5 19. e6 Bxe6 20. Rxe6 gxf4 21. Rc2
Rf7 22. Rxc6 Qd7 23. Nxf4 Qxc6 24. Ng5 Qd7 25. Nxf7 Kxf7 26. Qh5+ Kf8 27. Qxh7
Nc7 28. Ng6+ 1-0

[Event "SR 1. liga zapad 2015/2016"]
[Site "?"]
[Date "2016.03.19"]
[Round "10.6"]
[White "Puskar, Peter"]
[Black "Dobrotka, Martin"]
[Result "1-0"]
[WhiteElo "2238"]
[BlackElo "2170"]
[PlyCount "101"]
[EventDate "2015.??.??"]

1. d4 d6 2. Nf3 Nf6 3. c4 g6 4. Nc3 Bg7 5. e4 O-O 6. Be2 e5 7. Be3 Nc6 8. d5
Ne7 9. Nd2 Ne8 10. O-O f5 11. f3 f4 12. Bf2 g5 13. c5 Rf7 14. cxd6 cxd6 15. a4
Ng6 16. Nc4 h5 17. Nb5 a6 18. Nc3 Nf6 19. Nb6 Rb8 20. Nxc8 Rxc8 21. Qd2 g4 22.
Rfc1 Bh6 23. Kh1 Kh7 24. Qd3 g3 25. Bg1 gxh2 26. Bf2 Bg5 27. a5 Bh4 28. Bb6 Qg8
29. Na4 Bg3 30. Bf1 Nd7 31. b4 Nxb6 32. Nxb6 Rd8 33. Ra2 Qg7 34. Rac2 Ne7 35.
b5 axb5 36. Qxb5 Ng8 37. Nc8 Nf6 38. Qb6 Rfd7 39. Bb5 Ne8 40. Bxd7 Rxd7 41. Na7
h4 42. Nb5 Qg6 43. Rc7 Nxc7 44. Rxc7 Rxc7 45. Qxc7+ Kh6 46. Qxd6 h3 47. gxh3
Be1 48. Qxg6+ Kxg6 49. Nd6 Bxa5 50. Nxb7 Bb4 51. d6 1-0

[Event "SR 1. liga zapad 2015/2016"]
[Site "?"]
[Date "2016.03.19"]
[Round "10.6"]
[White "Hanko, Pavol"]
[Black "Szitkey, Milan"]
[Result "1-0"]
[WhiteElo "2151"]
[BlackElo "2105"]
[PlyCount "51"]
[EventDate "2015.??.??"]

1. d4 d5 2. Nf3 Nf6 3. c4 e6 4. Bg5 Be7 5. e3 c6 6. Nc3 O-O 7. Rc1 Nbd7 8. Bd3
dxc4 9. Bxc4 b5 10. Bd3 a6 11. O-O Bb7 12. Bb1 h6 13. Bh4 Re8 14. e4 c5 15. e5
Nd5 16. Bxe7 Qxe7 17. Ne4 cxd4 18. Nd6 Nxe5 19. Nxe8 Nxf3+ 20. Qxf3 Rxe8 21.
Qe4 Qg5 22. h4 Qf6 23. Rfd1 e5 24. Rxd4 Nc3 25. Qh7+ Kf8 26. bxc3 1-0

[Event "SR 1. liga zapad 2015/2016"]
[Site "?"]
[Date "2016.03.19"]
[Round "10.6"]
[White "Lukac, Roman"]
[Black "Lakatos, Vladimir"]
[Result "1-0"]
[WhiteElo "2083"]
[BlackElo "2070"]
[PlyCount "119"]
[EventDate "2015.??.??"]

1. e4 c5 2. Nf3 e6 3. Nc3 a6 4. d4 cxd4 5. Nxd4 Qc7 6. Bd3 Nc6 7. Be3 Nf6 8.
O-O b5 9. Nxc6 dxc6 10. f4 e5 11. Qf3 Bd6 12. f5 Bb7 13. a4 b4 14. Nb1 a5 15.
Nd2 c5 16. b3 Ba6 17. Nc4 Bf8 18. Rac1 Nd7 19. Qg3 f6 20. Qg4 Nb6 21. Qh5+ Kd8
22. Rcd1 Ke7 23. Qe2 Bb7 24. Bf2 Nd7 25. Rd2 g5 26. Qh5 Bc6 27. Rfd1 Re8 28.
Nd6 Qxd6 29. Bc4 Qc7 30. Qf7+ Kd8 31. Bb5 Bxb5 32. axb5 Re7 33. Qxf6 Bg7 34.
Qa6 Ke8 35. Rd6 Kf7 36. b6 Nxb6 37. Rxb6 Rd8 38. Rxd8 Qxd8 39. Rd6 Rd7 40. Qc4+
Kf8 41. Bxc5 Rxd6 42. Qe6 Bf6 43. Qxd6+ Kg7 44. Qxd8 Bxd8 45. g4 h5 46. h3 hxg4
47. hxg4 Kf7 48. Kf1 Ke8 49. Ke2 Kd7 50. Kd3 Kc6 51. Kc4 Bf6 52. Bf8 Bd8 53.
Bg7 Kd6 54. Kb5 Bc7 55. Bf8+ Kd7 56. Kc5 Bd8 57. Kd5 Bf6 58. Bd6 Bd8 59. Bxe5
Bb6 60. Bd4 1-0

[Event "SR 1. liga zapad 2015/2016"]
[Site "?"]
[Date "2016.03.19"]
[Round "10.6"]
[White "Kaniansky, Miroslav"]
[Black "Miklas, Marian"]
[Result "1-0"]
[WhiteElo "2174"]
[BlackElo "2092"]
[PlyCount "81"]
[EventDate "2015.??.??"]

1. d4 Nf6 2. Nf3 g6 3. c4 Bg7 4. Nc3 O-O 5. e4 d6 6. Be2 e5 7. d5 a5 8. Bg5 Na6
9. Nd2 Bd7 10. a3 Qe8 11. b3 h6 12. Be3 Nh7 13. Rb1 f5 14. f3 Nc5 15. b4 axb4
16. axb4 Na4 17. Qc1 Nxc3 18. Qxc3 f4 19. Bf2 g5 20. c5 Qe7 21. Nc4 Rac8 22.
Ra1 Bb5 23. Nxd6 cxd6 24. Bxb5 g4 25. Ra7 gxf3 26. gxf3 Ng5 27. h4 Nf7 28. c6
Nd8 29. Bf1 Bf6 30. Bh3 Rc7 31. b5 bxc6 32. Rxc7 Qxc7 33. dxc6 Kh8 34. Bd7 Nb7
35. b6 Qd8 36. Bf5 Nc5 37. c7 Qa8 38. c8=Q Rxc8 39. Bxc8 Qxc8 40. Rg1 Kh7 41.
Qc4 1-0

[Event "SR 1. liga zapad 2015/2016"]
[Site "?"]
[Date "2016.03.19"]
[Round "10.6"]
[White "Puchart, Vladimir"]
[Black "Detko, Jan"]
[Result "1-0"]
[WhiteElo "2032"]
[BlackElo "2165"]
[PlyCount "99"]
[EventDate "2015.??.??"]

1. d4 d6 2. c4 e5 3. dxe5 dxe5 4. Qxd8+ Kxd8 5. Nc3 c6 6. f4 Bb4 7. fxe5 Bxc3+
8. bxc3 c5 9. g3 Nc6 10. Be3 b6 11. Bg2 Bd7 12. Nf3 Rc8 13. O-O-O h6 14. Rd6
Ke8 15. Rhd1 Be6 16. Ng5 Nd8 17. Nxe6 Nxe6 18. Bh3 Ne7 19. Bxe6 fxe6 20. Rxe6
Kf7 21. Red6 Nf5 22. Rf1 g6 23. g4 Rhe8 24. gxf5 Rxe5 25. fxg6+ Ke7 26. Rd3 Rg8
27. Rg1 Re6 28. Bxh6 Rexg6 29. Rxg6 Rxg6 30. Bf4 Rg4 31. e3 Ke6 32. Rd5 Rg2 33.
Rd2 Rg4 34. Kc2 Kf5 35. Rd5+ Ke4 36. Rg5 Rh4 37. Kd2 Kf3 38. Rg3+ Ke4 39. Rg7
Kf3 40. Rxa7 Rg4 41. Rb7 Rg2+ 42. Kd3 Rxa2 43. Rxb6 Ra1 44. Rd6 Rd1+ 45. Kc2
Ra1 46. Rd5 Ra2+ 47. Kd3 Ra1 48. h4 Rd1+ 49. Kc2 Rh1 50. h5 1-0

[Event "SR 1. liga zapad 2015/2016"]
[Site "?"]
[Date "2016.03.19"]
[Round "10.6"]
[White "Reisel, Frantisek"]
[Black "Doucha, Ludvig"]
[Result "1-0"]
[WhiteElo "2022"]
[BlackElo "1966"]
[PlyCount "101"]
[EventDate "2015.??.??"]

1. d4 Nf6 2. c4 c5 3. d5 e5 4. Nc3 d6 5. e4 g6 6. Bd3 Bg7 7. Nge2 Nh5 8. Qc2
O-O 9. Be3 Nd7 10. O-O-O a6 11. a3 Qc7 12. f3 b5 13. Nb1 Rb8 14. Rd2 Nf4 15.
Nec3 Nxd3+ 16. Qxd3 bxc4 17. Qxc4 Nb6 18. Qe2 Bd7 19. Kd1 Na4 20. Ke1 Qa5 21.
Nxa4 Bxa4 22. Nc3 Bd7 23. g4 Rb3 24. h4 Rfb8 25. Kf2 Qb6 26. Nd1 Bb5 27. Qe1
Bd3 28. h5 Qb5 29. Kg1 Qa5 30. Qf2 Bb5 31. Rh2 Ba4 32. hxg6 hxg6 33. Qh4 f6 34.
Qh7+ Kf7 35. Rh6 Rg8 36. Qxg6+ Kf8 37. Rh7 Be8 38. Qf5 Qc7 39. Bh6 Qf7 40. Rxg7
Rxg7 41. Kf2 Kg8 42. Bxg7 Kxg7 43. Qe6 Qxe6 44. dxe6 Rb6 45. Ne3 Kf8 46. Nd5
Rb3 47. Nxf6 Ke7 48. Nxe8 Kxe8 49. Rxd6 Rxb2+ 50. Kg3 c4 51. Rxa6 1-0

[Event "SR 1. liga zapad 2015/2016"]
[Site "?"]
[Date "2016.03.20"]
[Round "11.1"]
[White "Motuz, Karol"]
[Black "Certek, Pavel"]
[Result "1-0"]
[WhiteElo "2285"]
[BlackElo "2286"]
[PlyCount "59"]
[EventDate "2015.??.??"]

1. c4 Nf6 2. g3 e5 3. Bg2 d5 4. cxd5 Nxd5 5. Nc3 Nb6 6. Nf3 Nc6 7. O-O Be7 8.
d3 O-O 9. Be3 Be6 10. Na4 e4 11. Ne1 exd3 12. Nxd3 Bd5 13. Bh3 Nc4 14. Bc5 b6
15. Nf4 Be4 16. Qc1 bxc5 17. Qxc4 Qd4 18. Rac1 g5 19. Rfd1 Rfd8 20. Rxd4 Rxd4
21. Qa6 gxf4 22. Bg2 Nb4 23. Qh6 Bxg2 24. Kxg2 Nxa2 25. Ra1 Nb4 26. Nxc5 Rad8
27. Rxa7 Bf8 28. Qg5+ Bg7 29. Rxc7 Nd5 30. Qxd8+ 1-0

[Event "SR 1. liga zapad 2015/2016"]
[Site "?"]
[Date "2016.03.20"]
[Round "11.1"]
[White "Havlicek, Libor Ml"]
[Black "Straka, Jozef Ml"]
[Result "1/2-1/2"]
[WhiteElo "2274"]
[BlackElo "2285"]
[PlyCount "84"]
[EventDate "2015.??.??"]

1. Nf3 d5 2. d4 Nf6 3. g3 c6 4. Bg2 Bf5 5. O-O e6 6. Nh4 Bg4 7. Qd3 Nbd7 8. f3
Bh5 9. e4 Bg6 10. Nxg6 hxg6 11. e5 Ng8 12. f4 Qb6 13. Nd2 Qb5 14. c4 dxc4 15.
Nxc4 Nb6 16. b3 O-O-O 17. a4 Qa6 18. Ba3 Bxa3 19. Rxa3 Nxc4 20. bxc4 Nh6 21.
Qc3 Qb6 22. Rd1 a6 23. Rb3 Qa7 24. a5 Nf5 25. Rb6 Rd7 26. d5 cxd5 27. cxd5+ Rc7
28. Qb3 exd5 29. Bxd5 Ne7 30. Bxf7 Nc6 31. Be6+ Kb8 32. Rd6 Nxa5 33. Qa4 Rc5
34. Kg2 Ka8 35. Rb2 Nc6 36. Bd5 Rc1 37. Rxc6 Qg1+ 38. Kf3 Qf1+ 39. Rf2 Qd3+ 40.
Kg4 Qf5+ 41. Kf3 Qd3+ 42. Kg4 Qf5+ 1/2-1/2

[Event "SR 1. liga zapad 2015/2016"]
[Site "?"]
[Date "2016.03.20"]
[Round "11.1"]
[White "Jakubek, Peter"]
[Black "Dolnak, Michal"]
[Result "1/2-1/2"]
[WhiteElo "2201"]
[BlackElo "2213"]
[PlyCount "77"]
[EventDate "2015.??.??"]

1. d4 d5 2. Nf3 e6 3. Bf4 Nf6 4. e3 Bd6 5. Bg3 O-O 6. Bd3 c5 7. c3 b6 8. Qe2
Bb7 9. Nbd2 Nc6 10. Ne5 Ne7 11. O-O Rc8 12. Bh4 Nf5 13. Bxf5 exf5 14. Qf3 g6
15. Bxf6 Qxf6 16. Nd7 Bxh2+ 17. Kxh2 Qd6+ 18. Ne5 f6 19. Qg3 fxe5 20. dxe5 Qd7
21. f4 d4 22. exd4 cxd4 23. cxd4 Qxd4 24. Nf3 Qxb2 25. Rad1 Rc3 26. Rd7 Bc6 27.
Rxa7 Rf7 28. Rxf7 Kxf7 29. Rf2 Rc2 30. Rxc2 Qxc2 31. Nd4 Qe4 32. Nxc6 Qxc6 33.
Qh4 h5 34. Qd8 b5 35. Qd4 Qc4 36. Qd7+ Kg8 37. Qe8+ Kg7 38. Qe7+ Kg8 39. Qe8+
1/2-1/2

[Event "SR 1. liga zapad 2015/2016"]
[Site "?"]
[Date "2016.03.20"]
[Round "11.1"]
[White "Hacik, Radomir"]
[Black "Obona, Jan"]
[Result "1/2-1/2"]
[WhiteElo "2193"]
[BlackElo "2251"]
[PlyCount "100"]
[EventDate "2015.??.??"]

1. e4 c5 2. Nf3 d6 3. d4 cxd4 4. Nxd4 Nf6 5. Nc3 a6 6. Bg5 Nbd7 7. f3 e6 8. Bc4
Qc7 9. Bb3 Nc5 10. Qd2 Be7 11. O-O-O Bd7 12. h4 b5 13. Kb1 O-O 14. g4 Rab8 15.
Nce2 a5 16. c3 b4 17. Bc2 bxc3 18. Qxc3 Qb7 19. Nb3 Rfc8 20. Qxa5 Ra8 21. Qd2
Qa7 22. Nec1 Ba4 23. Nxc5 Bxc2+ 24. Qxc2 Rxc5 25. Qd3 Rc6 26. Rh2 Rxc1+ 27.
Rxc1 Qxa2+ 28. Kc2 h6 29. Bf4 e5 30. Be3 d5 31. exd5 Nxd5 32. Kd1 Nb4 33. Qc4
Rd8+ 34. Rd2 Qa8 35. Rxd8+ Qxd8+ 36. Ke2 Qa5 37. Bd2 Qb6 38. Qc8+ Bf8 39. Bxb4
Qxb4 40. Rc2 Qf4 41. Qa8 Qh2+ 42. Kd3 Qxh4 43. Rc8 Qe7 44. Qc6 Qb4 45. Qc3 Qb5+
46. Ke4 g6 47. b3 Qe2+ 48. Kd5 Qb5+ 49. Ke4 Qe2+ 50. Kd5 Qb5+ 1/2-1/2

[Event "SR 1. liga zapad 2015/2016"]
[Site "?"]
[Date "2016.03.20"]
[Round "11.1"]
[White "Kukucka, Matej"]
[Black "Kubala, Jan"]
[Result "1/2-1/2"]
[WhiteElo "2141"]
[BlackElo "2193"]
[PlyCount "59"]
[EventDate "2015.??.??"]

1. d4 Nf6 2. c4 g6 3. Nc3 Bg7 4. e4 d6 5. f4 O-O 6. Nf3 c5 7. dxc5 Qa5 8. Bd3
Qxc5 9. Qe2 Nc6 10. Be3 Qa5 11. O-O Be6 12. h3 Nb4 13. Bb1 Rac8 14. Nd2 Qa6 15.
a3 Nh5 16. Kh2 Nc6 17. Bd3 Na5 18. c5 Qc6 19. g4 Nf6 20. f5 Bb3 21. g5 Nh5 22.
f6 exf6 23. Nxb3 Nxb3 24. Nd5 Qd7 25. gxf6 Nxf6 26. Rxf6 Nxa1 27. cxd6 Nb3 28.
e5 Qa4 29. Qf2 Nc1 30. Bb1 1/2-1/2

[Event "SR 1. liga zapad 2015/2016"]
[Site "?"]
[Date "2016.03.20"]
[Round "11.1"]
[White "Sosovicka, Juraj"]
[Black "Kvassay, Peter"]
[Result "1-0"]
[WhiteElo "2193"]
[BlackElo "2041"]
[PlyCount "104"]
[EventDate "2015.??.??"]

1. Nf3 Nf6 2. c4 c6 3. d4 d5 4. e3 e6 5. b3 Bb4+ 6. Bd2 Bd6 7. Nc3 Nbd7 8. Bd3
O-O 9. e4 dxe4 10. Nxe4 Nxe4 11. Bxe4 h6 12. Bc3 e5 13. dxe5 Nxe5 14. O-O Nxf3+
15. Qxf3 Qg5 16. Bc2 Qf4 17. Qxf4 Bxf4 18. g3 Bd6 19. Rad1 Rd8 20. Bb4 Bc7 21.
Rxd8+ Bxd8 22. Re1 Be6 23. f4 Bf6 24. f5 Bd7 25. Rd1 Rd8 26. Kf2 Be8 27. Rxd8
Bxd8 28. Ke3 Bb6+ 29. Ke4 f6 30. Bd6 Bg1 31. h3 c5 32. Kf3 Bf7 33. Be4 b6 34.
Bb8 a6 35. Bb7 b5 36. Bxa6 b4 37. Bd6 g6 38. Ke4 gxf5+ 39. Kxf5 Kg7 40. Bb7
Bg6+ 41. Ke6 Bb1 42. Bf3 Bf2 43. Kd5 Bxa2 44. Bd1 h5 45. Bxc5 Be1 46. Bd6 h4
47. gxh4 Bb1 48. c5 f5 49. Be5+ Kg6 50. c6 Be4+ 51. Kc5 Bf2+ 52. Kb5 Bf3 1-0

[Event "SR 1. liga zapad 2015/2016"]
[Site "?"]
[Date "2016.03.20"]
[Round "11.1"]
[White "Budaj, Peter"]
[Black "Castiglione, Mario"]
[Result "1/2-1/2"]
[WhiteElo "2045"]
[BlackElo "2230"]
[PlyCount "117"]
[EventDate "2015.??.??"]

1. Nf3 d6 2. d4 Nf6 3. c4 Bg4 4. Nc3 Nc6 5. e4 e5 6. Be2 Bxf3 7. Bxf3 Nxd4 8.
O-O h5 9. Be3 c5 10. Nd5 Nxf3+ 11. Qxf3 Nxd5 12. exd5 Qd7 13. a3 Qg4 14. Qxg4
hxg4 15. b4 f5 16. f3 gxf3 17. Rxf3 g6 18. bxc5 dxc5 19. Re1 O-O-O 20. Bg5 Rd6
21. Rxe5 Bg7 22. Re7 Bd4+ 23. Be3 Rh4 24. Bxd4 cxd4 25. Rd3 Rb6 26. h3 Rb1+ 27.
Kh2 g5 28. d6 Rf4 29. Rg7 g4 30. hxg4 fxg4 31. Kg3 Re4 32. Rxg4 Re3+ 33. Rxe3
dxe3 34. Kf3 Rb3 35. Rg7 Rxa3 36. Rc7+ Kb8 37. Re7 Kc8 38. Rc7+ Kb8 39. g4 Rd3
40. c5 b6 41. Ke2 Rd5 42. cxb6 axb6 43. Kxe3 Rxd6 44. Rc1 b5 45. Kf4 Rd4+ 46.
Kf5 Rc4 47. Rg1 Rc5+ 48. Ke6 Rc6+ 49. Kd5 Rg6 50. g5 Kc7 51. Ke5 Kb6 52. Kf5
Rg8 53. Kf6 b4 54. Kf7 Rc8 55. g6 Kb5 56. g7 b3 57. g8=Q Rxg8 58. Rxg8 Kc4 59.
Ke6 1/2-1/2

[Event "SR 1. liga zapad 2015/2016"]
[Site "?"]
[Date "2016.03.20"]
[Round "11.1"]
[White "Kovac, Andrej"]
[Black "Capak, Stefan"]
[Result "1-0"]
[WhiteElo "2180"]
[BlackElo "1985"]
[PlyCount "57"]
[EventDate "2015.??.??"]

1. d4 d5 2. c4 e6 3. Nc3 Nf6 4. cxd5 exd5 5. Bg5 Be7 6. e3 Nbd7 7. Qc2 O-O 8.
Bd3 c6 9. Nge2 Re8 10. O-O Nf8 11. Rae1 Nh5 12. Bxe7 Qxe7 13. a3 a5 14. Na4 g6
15. Nb6 Rb8 16. Nc3 Ng7 17. Qa4 Bf5 18. Bxf5 Nxf5 19. Qxa5 Nxd4 20. Ncxd5 Nf3+
21. gxf3 cxd5 22. Nxd5 Qe5 23. Rd1 Qxb2 24. Rd4 Kg7 25. Nc7 Red8 26. Qe5+ Kg8
27. Nd5 Nd7 28. Nf6+ Nxf6 29. Rxd8+ 1-0

[Event "SR 1. liga zapad 2015/2016"]
[Site "?"]
[Date "2016.03.20"]
[Round "11.2"]
[White "Veres, Andrej"]
[Black "Zetocha, Claudiu"]
[Result "0-1"]
[WhiteElo "2186"]
[BlackElo "2331"]
[PlyCount "42"]
[EventDate "2015.??.??"]

1. e4 c5 2. Nf3 e6 3. c3 d5 4. exd5 Qxd5 5. d4 Nf6 6. Na3 cxd4 7. Nb5 Qd8 8.
Bf4 Nd5 9. Bxb8 Rxb8 10. Qxd4 a6 11. Qe5 Ra8 12. O-O-O f6 13. Qh5+ g6 14. Qh4
axb5 15. Bxb5+ Kf7 16. Rhe1 Rxa2 17. Ne5+ Kg7 18. Ng4 Ra1+ 19. Kc2 Rxd1 20.
Rxd1 h5 21. Rxd5 exd5 0-1

[Event "SR 1. liga zapad 2015/2016"]
[Site "?"]
[Date "2016.03.20"]
[Round "11.2"]
[White "Petran, Peter"]
[Black "Borik, Juraj"]
[Result "1-0"]
[WhiteElo "2345"]
[BlackElo "2169"]
[PlyCount "81"]
[EventDate "2015.??.??"]

1. Nf3 d5 2. c4 d4 3. g3 Nc6 4. Bg2 e5 5. d3 Bb4+ 6. Bd2 Be7 7. O-O a5 8. e3 h5
9. exd4 exd4 10. Re1 Kf8 11. h4 Bg4 12. Bf4 Nh6 13. Nbd2 g6 14. a3 Ra6 15. Rb1
Kg7 16. Ne4 Nf5 17. c5 f6 18. Qc2 Bxf3 19. Bxf3 g5 20. hxg5 fxg5 21. Bc1 g4 22.
Bg2 h4 23. Bf4 hxg3 24. Bxg3 Qg8 25. Qe2 Kf8 26. Bxc7 Nh4 27. Nd2 Nxg2 28. Kxg2
Qd5+ 29. Qe4 Qxe4+ 30. Nxe4 Kf7 31. b4 axb4 32. axb4 Ra2 33. b5 Nd8 34. Be5 Rh3
35. Rb3 Ne6 36. c6 bxc6 37. b6 Rf3 38. b7 Nc5 39. Nxc5 Raxf2+ 40. Kg1 g3 41.
Ne4 1-0

[Event "SR 1. liga zapad 2015/2016"]
[Site "?"]
[Date "2016.03.20"]
[Round "11.2"]
[White "Lazo, Juraj"]
[Black "Franzen, Jozef"]
[Result "0-1"]
[WhiteElo "2060"]
[BlackElo "2264"]
[PlyCount "76"]
[EventDate "2015.??.??"]

1. d4 Nf6 2. c4 d6 3. Nc3 c6 4. Nf3 Nbd7 5. g3 g6 6. Bg2 Bg7 7. O-O O-O 8. e3
a6 9. a4 Re8 10. a5 e5 11. dxe5 dxe5 12. e4 Qc7 13. Be3 Ng4 14. Ng5 Nxe3 15.
fxe3 f6 16. Nf3 Bf8 17. Ne1 Be7 18. Nd3 Nf8 19. b3 Be6 20. Qe2 Rad8 21. Rfd1 h5
22. Bf3 Kg7 23. Qf2 Bh3 24. b4 Ne6 25. c5 Ng5 26. Kh1 Nxf3 27. Qxf3 Bg4 28. Qf1
Bxd1 29. Nxd1 Qd7 30. N1b2 Qg4 31. Qg2 h4 32. Nf2 Qe2 33. gxh4 Qxb2 34. Rg1 g5
35. hxg5 fxg5 36. Qg3 Rh8 37. Ng4 Rd2 38. Rf1 Rc2 0-1

[Event "SR 1. liga zapad 2015/2016"]
[Site "?"]
[Date "2016.03.20"]
[Round "11.2"]
[White "Ruckschloss, Karol"]
[Black "Pupak, Tomas"]
[Result "1-0"]
[WhiteElo "2259"]
[BlackElo "2035"]
[PlyCount "69"]
[EventDate "2015.??.??"]

1. c4 d6 2. g3 e5 3. Bg2 Nc6 4. e3 g6 5. Ne2 Bg7 6. d4 f5 7. a3 a5 8. b3 Nge7
9. Bb2 O-O 10. h4 h6 11. Nbc3 exd4 12. exd4 f4 13. Nxf4 Rxf4 14. gxf4 Nf5 15.
Ne2 Qe7 16. Bxc6 bxc6 17. Qd3 Rb8 18. O-O-O Ba6 19. d5 cxd5 20. Qxd5+ Kh7 21.
Qd3 d5 22. h5 Bxb2+ 23. Kxb2 Bxc4 24. hxg6+ Kg7 25. Qc3+ Kg8 26. Nc1 Bxb3 27.
Rde1 Bc4+ 28. Ka1 Qd6 29. Na2 Nd4 30. Qxd4 Qxa3 31. Re2 c5 32. Qe5 Rb7 33. Rxh6
Rb1+ 34. Kxb1 Bd3+ 35. Ka1 1-0

[Event "SR 1. liga zapad 2015/2016"]
[Site "?"]
[Date "2016.03.20"]
[Round "11.2"]
[White "Podoba, Milan"]
[Black "Janos, Martin"]
[Result "0-1"]
[WhiteElo "2076"]
[BlackElo "2231"]
[PlyCount "126"]
[EventDate "2015.??.??"]

1. e4 c5 2. c3 g6 3. d4 cxd4 4. cxd4 Bg7 5. Nf3 Nf6 6. Nc3 O-O 7. Be2 a6 8. O-O
b5 9. e5 Ne8 10. Bg5 Bb7 11. Qd2 Nc6 12. Bh6 d6 13. Bxg7 Kxg7 14. Rfd1 Nc7 15.
Qe3 d5 16. Rac1 Rc8 17. h3 Ne6 18. Bd3 Na5 19. b3 Qd7 20. Nh2 f5 21. exf6+ exf6
22. Nf3 Rfe8 23. Qd2 Nc6 24. Bb1 Qd6 25. g3 Rc7 26. Re1 Rce7 27. Kg2 Ncd8 28.
Re3 Nf7 29. Rce1 Qd7 30. h4 Nd6 31. R1e2 Bc6 32. Re1 b4 33. Nd1 a5 34. Nb2 Ne4
35. Qc1 Nd8 36. Nd3 Nb7 37. a3 Qd6 38. axb4 axb4 39. Nxb4 Bb5 40. Nd3 Rc7 41.
Qb2 Rce7 42. b4 Qd8 43. Nc5 Nbd6 44. Ba2 Bc4 45. Nxe4 dxe4 46. Nd2 Bd3 47. Bb1
Nf5 48. Bxd3 Nxe3+ 49. Rxe3 exd3 50. Rxd3 Re2 51. Qb3 Qd7 52. Nf3 Ra8 53. Re3
Qb5 54. d5 Rxe3 55. Qxe3 Qxd5 56. Qe7+ Qf7 57. Qe4 Re8 58. Qc6 Qe6 59. b5 Kf7
60. Qc5 Qe4 61. b6 Re7 62. Qc3 Rd7 63. Qb3+ Qe6 0-1